Statistiques concernant Les groupes de Ligue des Champions 2023-2024

Cliquez ici pour prendre le quiz!

Statistiques générales

  • Ce quiz a été pris 170 fois
    (166 depuis la dernière actualisation)
  • Le résultat moyen est 25 sur 32

Statistiques - réponses

% Correct
PSG
99%
AC Milan
98%
Lens
97%
Bayern Munich
96%
Dortmund
96%
Real Madrid
96%
Barcelone
95%
Inter Milan
95%
Arsenal
94%
Manchester City
94%
Manchester United
94%
Newcastle
93%
Naples
90%
Porto
90%
PSV
87%
Atlético Madrid
85%
Benfica
84%
RB Leipzig
84%
Séville
84%
Galatasaray
74%
Copenhague
73%
Lazio Rome
73%
Union Berlin
67%
Real Sociedad
64%
Celtic
63%
Braga
61%
Feyenoord
60%
Etoile Rouge Belgrade
59%
Young Boys
59%
Antwerp
56%
Shakhtar Donetsk
45%
RB Salzburg
28%

Distribution des résultats

Percentile par nombre de réponses

% des personnes avec chaque résultat

Votre développement - résultats

Vous n’avez pas pris ce quiz depuis la dernière actualisation